|
|
|
|
| LEADER |
01648nam a2200433 a 4500 |
| 001 |
EBC459769 |
| 003 |
MiAaPQ |
| 005 |
20200520144314.0 |
| 006 |
m o d | |
| 007 |
cr cn||||||||| |
| 008 |
061130s2007 dcua sb i001 0 eng |
| 010 |
|
|
|z 2006039772
|
| 020 |
|
|
|z 9780821369197
|
| 020 |
|
|
|z 0821369199
|
| 020 |
|
|
|a 0821369202 (electronic bk.)
|
| 020 |
|
|
|a 9780821369203 (electronic bk.)
|
| 035 |
|
|
|a (MiAaPQ)EBC459769
|
| 035 |
|
|
|a (Au-PeEL)EBL459769
|
| 035 |
|
|
|a (CaPaEBR)ebr10232204
|
| 035 |
|
|
|a (CaONFJC)MIL94020
|
| 035 |
|
|
|a (OCoLC)169930596
|
| 040 |
|
|
|a MiAaPQ
|c MiAaPQ
|d MiAaPQ
|
| 043 |
|
|
|a f-ke---
|
| 050 |
|
4 |
|a HQ1381
|b .G46 2007
|
| 082 |
0 |
4 |
|a 330.967620082
|2 22
|
| 245 |
0 |
0 |
|a Gender and economic growth in Kenya
|h [electronic resource] :
|b unleashing the power of women /
|c Amanda Ellis ... [et al.].
|
| 260 |
|
|
|a Washington, DC :
|b World Bank,
|c c2007.
|
| 300 |
|
|
|a xxxix, 120 p. :
|b ill.
|
| 490 |
1 |
|
|a Directions in development. Private sector development
|
| 504 |
|
|
|a Includes bibliographical references (p. 107-114) and index.
|
| 533 |
|
|
|a Electronic reproduction. Ann Arbor, MI : ProQuest, 2015. Available via World Wide Web. Access may be limited to ProQuest affiliated libraries.
|
| 650 |
|
0 |
|a Women
|z Kenya
|x Economic conditions.
|
| 650 |
|
0 |
|a Women in development
|z Kenya.
|
| 655 |
|
4 |
|a Electronic books.
|
| 700 |
1 |
|
|a Ellis, Amanda,
|d 1962-
|
| 710 |
2 |
|
|a World Bank.
|
| 710 |
2 |
|
|a ProQuest (Firm)
|
| 830 |
|
0 |
|a Directions in development (Washington, D.C.).
|p Private sector development.
|
| 856 |
4 |
0 |
|u https://ebookcentral.proquest.com/lib/matrademy/detail.action?docID=459769
|z Click to View
|